<?xml version="1.0" encoding="UTF-8"?>
<collection xmlns="http://www.loc.gov/MARC21/slim">
 <record>
  <leader>01661nam a2200217Ia 4500</leader>
  <controlfield tag="001">CTU_152828</controlfield>
  <controlfield tag="008">210402s9999    xx            000 0 und d</controlfield>
  <datafield tag="082" ind1=" " ind2=" ">
   <subfield code="a">909.82</subfield>
  </datafield>
  <datafield tag="082" ind1=" " ind2=" ">
   <subfield code="b">B477</subfield>
  </datafield>
  <datafield tag="100" ind1=" " ind2=" ">
   <subfield code="a">Bentley, Jerry H.</subfield>
  </datafield>
  <datafield tag="245" ind1=" " ind2="0">
   <subfield code="a">Traditions &amp; encounters :</subfield>
  </datafield>
  <datafield tag="245" ind1=" " ind2="2">
   <subfield code="b">A global perspective on the past</subfield>
  </datafield>
  <datafield tag="245" ind1=" " ind2="0">
   <subfield code="c">Jerry H. Bentley, Herbert F. Ziegler</subfield>
  </datafield>
  <datafield tag="260" ind1=" " ind2=" ">
   <subfield code="a">Boston</subfield>
  </datafield>
  <datafield tag="260" ind1=" " ind2=" ">
   <subfield code="b">McGraw-Hill</subfield>
  </datafield>
  <datafield tag="260" ind1=" " ind2=" ">
   <subfield code="c">2003</subfield>
  </datafield>
  <datafield tag="520" ind1=" " ind2=" ">
   <subfield code="a">This groundbreaking world history text has, in its first edition, become a market leader by offering a fresh, global perspective on the past. The text is unique in approach; covering the world as a whole, examining the formations and development of the world's major societies (traditions), and also systematically exploring cross-cultural interactions and exchanges that have been some of the most effective agents of change in all of world history (encounters). In addition, the authors have taken great care in constructing a coherent vision of the past that is not weighed down by a mass of detail, thus enabling instructors to incorporate additional readings of their choosing. Finally the text emphasizes that historical processes work themselves out through the lives and experiences of individual human beings, opening each chapter with an account of individual experiences that illuminate themes in that chapter. The second edition includes scholarship updates throughout and revisions to organization and content</subfield>
  </datafield>
  <datafield tag="650" ind1=" " ind2=" ">
   <subfield code="a">World history,Intercultural communication,Lịch sử thế giới</subfield>
  </datafield>
  <datafield tag="650" ind1=" " ind2=" ">
   <subfield code="x">History</subfield>
  </datafield>
  <datafield tag="904" ind1=" " ind2=" ">
   <subfield code="i">Bạch Trúc</subfield>
  </datafield>
  <datafield tag="980" ind1=" " ind2=" ">
   <subfield code="a">Trung tâm Học liệu Trường Đại học Cần Thơ</subfield>
  </datafield>
 </record>
</collection>
